000 00763nam a2200217Ia 4500
003 GCL
008 140319s9999 xx 000 0 ara d
020 _a213227977
040 _aGCL /
_cGCL
082 0 4 _a307.76
_bأ م
100 1 _aامانى قنديل
245 1 0 _aالمجتمع المدنى العالمى /
_cامانى قنديل
260 _aالقاهرة :
_bمركز الدراسات السياسية والاستراتيجية - الأهرام ،
_c2002
300 _a120 ص ؛
_c24 سم
650 0 4 _aتنظيم المجتمع
650 0 4 _aالتنمية الاجتماعية
650 0 4 _aالتطور الاجتماعى
650 0 4 _aالتخطيط الاجتماعى
650 0 4 _aالمجتمعات الحضرية
942 _2ddc
_cBK
999 _c9252
_d9252